000 00977cam a22001935a 4500
001 L140905
008 071017s1911 xxk eng u
035 _a(Sirsi) u140905
041 0 _aeng
110 2 _aKnight Frank and Rutley
_91990
245 0 4 _aThe Crystal Palace, Sydenham
_bto be sold by auction...on Tuesday 28th day of November 1911 at The Estate Room, 20 Hanover Square, London W. at two o'clock precisely by Howard Frank of Messrs. Knight Frank and Rutley acting in conjunction with John Roy Lancaster of Messrs. Horne and Co...
300 _a64 p.
_bill.
_c42 cm.
_e+ 1 plan (col., 100 x 127 cm., in folder 22 x 34 cm.)
340 _aPrinted
351 _aSingle item
500 _aLibrary holds three copies - one copy of the sales particulars has a colour illustration on the cover, the other two have a monochrome illustration.
651 4 _aLondon
690 _aPROPERTY-PROPERTY ACQUISITION AND DISPOSAL-ACQUISITION AND DISPOSAL AT AUCTION
942 _n0
999 _c116523
_d116523